Gestión financiera a largo plazo

Bibliographic Details
Main Author: Gitman, Lawrence J.
Format: Section = Libro
Language:Undetermined
Spanish
Published: México Pearson 2012
Subjects:
LEADER 00555nam a2200205Ia 4500
008 240830s9999 xx 000 0 und d
020 |a 978-607-32-1236-6 
040 |a B-ESTELÍ- RUACS / 658.15 G536 
041 |a spa 
082 |a 658.15 G536 
100 1 |a Gitman, Lawrence J. 
245 1 0 |a Gestión financiera a largo plazo 
260 |a México  |b Pearson  |c 2012 
300 |a 392 p. 
650 7 |a ADMINISTRACION FINANCIERA 
650 7 |b  GESTION DE NEGOCIOS 
650 7 |c  ANALISIS ECONOMICO - FINANCIERO 
942 |c BK  |2 ddc 
991 |a TEXTO 
999 |c 11446